Все – правда. Листя летить проти вітру (Запис № 373939)

МАРК-запис
000 -Лідер
fixed length control field 00736nam a22002417a 4500
001 - Контрольний номер
control field 87651
003 - Ідентифікатор контрольного номера
control field UA-OsUOA
005 - Дата та час останнього входження (трансакції)
control field 20260225123537.0
007 - Фіксоване поле фізичного опису
fixed length control field ta
008 - Елементи даних фіксованої довжини – загальна інформація
fixed length control field 20120920b un ||||| |||| 00| 0 ukr d
020 ## - Міжнародний стандартний книжковий номер (ISBN)
Міжнародний стандартний книжковий номер (ISBN) (НП) 5770780665
040 ## - Джерело каталогізації
Агенція оригінальної каталогізації UA-OsUOA
Мова каталогізації ukr
Агенція, яка здійснювала перезапис UA-OsUOA
Агенція, яка здійснювала модифікацію UA-OsUOA
041 ## - Код мови
Код мови тексту/ звукової доріжки чи окремого заголовка (П) ukr
080 ## - Індекс Універсальної десяткової класифікації
Індекс Універсальної десяткової класифікації (УДК) (НП) 821.161.2
090 ## - Локальний шифр розміщення
Класифікаційний індекс УДК 821.161.2
Авторський знак (НП) Б81
100 ## - Основне введення – ім’я особи
Ім’я особи (НП) Бондар В.
9 (RLIN) 23270
245 ## - Відомості про назву
Назва (НП) Все – правда. Листя летить проти вітру
Решта назви (НП) повісті
Дані про відповідальність (НП) Василь Бондар
260 ## - Публікація, розповсюдження і т.п. (Вихідні дані)
Місце публікації, розповсюдження і т.п. (П) К.
Ім’я/ наймення видавництва, розповсюджувача і т.п. (П) Українська видавнича група
Дата публікації, розповсюдження і т.п. (П) 1995
300 ## - Фізичний опис
Обсяг 343 с.
650 #7 - Додаткове предметне введення – тематичний термін
Тематичний термін чи географічна назва, як елемент введення (НП) 821.161.2 Українська література
Джерело заголовка чи терміна UDC
9 (RLIN) 41
942 ## - Додаткові елементи входу (Коха)
Тип елемента Koha Книги
Source of classification or shelving scheme Universal Decimal Classification
955 ## - Код типу видання за змістом
Код типу видання за змістом (НП) Літературно-художні видання
Фонди
Стан вилучень Стан втрат Джерело класифікації або схеми стелажів Стан уражень Не для кредиту Постійне місце розташування Поточне розміщення Дата придбання Інвентарний номер Усього замовленно Повний номер виклику Штрих-код Дата останнього перегляду Ціна ефективна від Тип елемента Koha Код колекції Джерело придбання Вартість, звичайна ціна покупки Вартість, ціна заміни
    Universal Decimal Classification     АБ - Абонемент НБ АБ - Абонемент НБ 20/09/2012 20522   821.161.2 Б81 20522 21/02/2022 20/09/2012 Книги        
    Universal Decimal Classification     АБ - Абонемент НБ АБ - Абонемент НБ 20/09/2012 30195   821.161.2 Б81 30195 21/02/2022 20/09/2012 Книги        
    Universal Decimal Classification     АБ - Абонемент НБ АБ - Абонемент НБ 20/09/2012 56050   821.161.2 Б81 56050 21/02/2022 20/09/2012 Книги        
    Universal Decimal Classification     АБ - Абонемент НБ АБ - Абонемент НБ 25/02/2026     821.161.2 Б81 169400 25/02/2026 25/02/2026 Книги Колекція Шевчука Валерія №05/16.02.2026 20.00 20.00